Image processing for remote sensing-(E-BOOK) (Record no. 191451)
[ view plain ]
| 000 -LEADER | |
|---|---|
| fixed length control field | 02065 a2200253 4500 |
| 003 - CONTROL NUMBER IDENTIFIER | |
| control field | Nust |
| 005 - DATE AND TIME OF LATEST TRANSACTION | |
| control field | 20170207154016.0 |
| 020 ## - INTERNATIONAL STANDARD BOOK NUMBER | |
| International Standard Book Number | 1-4200-6664-1 |
| 020 ## - INTERNATIONAL STANDARD BOOK NUMBER | |
| International Standard Book Number | 978-1-4200-6664-7 |
| 040 ## - CATALOGING SOURCE | |
| Transcribing agency | Nust |
| 082 04 - DEWEY DECIMAL CLASSIFICATION NUMBER | |
| Classification number | 006.6 |
| 245 10 - TITLE STATEMENT | |
| Title | Image processing for remote sensing-(E-BOOK) |
| Statement of responsibility, etc. | edited by C.H. Chen. |
| 260 ## - PUBLICATION, DISTRIBUTION, ETC. | |
| Place of publication, distribution, etc. | Boca Raton, FL : |
| Name of publisher, distributor, etc. | CRC Press/Taylor & Francis Group, |
| Date of publication, distribution, etc. | cop. 2008 |
| 300 ## - PHYSICAL DESCRIPTION | |
| Extent | 380 s. |
| 505 ## - FORMATTED CONTENTS NOTE | |
| Formatted contents note | 1. Polari metric SAR Techniques for Remote Sensing of the Ocean Surface (Page-1) 2. MRF-Based Remote-Sensing Image Classification with Automatic Model Parameter Estimation (page-9) 3. Random Forest Classification of Remote Sensing Data (page-61) 4. Supervised Image Classification of Multi-Spectral Images Based on Statistical Machine Learning (page-79)5. Unsupervised Change Detection in Multi-Temporal SAR Images (Page-107)6. Change-Detection Methods for Location of Mines in SAR Imagery (Page-135)7. Vertex Component Analysis: A Geometric-Based Approach to Unmix Hyper spectral Data (page-149)8. Two ICA Approaches for SAR Image Enhancement(Page-175)9. Long-Range Dependence Models for the Analysis and Discrimination of Sea-Surface Anomalies in Sea SAR Imagery (Page-189)10. Spatial Techniques for Image Classification (Page-225)11. Data Fusion for Remote-Sensing Applications (page-249)12. The Hermit Transform: An Efficient Tool for Noise Reduction and Image Fusion in Remote-Sensing (Page-273)13. Multi-Sensor Approach to Automated Classification of Sea Ice Image Data (Page-293)14. Use of the Bradley–Terry Model to Assess Uncertainty in an Error Matrix from a Hierarchical Segmentation of an ASTER Image (Page-325)15. SAR Image Classification by Support Vector Machine (Page-341)16. Quality Assessment of Remote-Sensing Multi-Band Optical Images (Page-355) |
| 650 #7 - SUBJECT ADDED ENTRY--TOPICAL TERM | |
| Topical term or geographic name entry element | Digital bildbehandling |
| 650 #7 - SUBJECT ADDED ENTRY--TOPICAL TERM | |
| Topical term or geographic name entry element | Fj䲲analys |
| 650 #7 - SUBJECT ADDED ENTRY--TOPICAL TERM | |
| Topical term or geographic name entry element | Image processing |
| General subdivision | Digital techniques |
| 650 #7 - SUBJECT ADDED ENTRY--TOPICAL TERM | |
| Topical term or geographic name entry element | Image processing. |
| 650 #7 - SUBJECT ADDED ENTRY--TOPICAL TERM | |
| Topical term or geographic name entry element | Remote sensing |
| 650 #7 - SUBJECT ADDED ENTRY--TOPICAL TERM | |
| Topical term or geographic name entry element | Remote sensing |
| General subdivision | Data processing. |
| 650 #7 - SUBJECT ADDED ENTRY--TOPICAL TERM | |
| Topical term or geographic name entry element | Sensorer |
| 700 1# - ADDED ENTRY--PERSONAL NAME | |
| Personal name | Chen, C. H. |
| Relator code | edt |
| 942 ## - ADDED ENTRY ELEMENTS (KOHA) | |
| Source of classification or shelving scheme | |
| Koha item type | Book |
| Withdrawn status | Lost status | Source of classification or shelving scheme | Damaged status | Not for loan | Collection code | Permanent Location | Current Location | Date acquired | Total Checkouts | Full call number | Barcode | Date last seen | Price effective from | Koha item type |
|---|---|---|---|---|---|---|---|---|---|---|---|---|---|---|
| Military College of Signals (MCS) | Military College of Signals (MCS) | 12/12/2016 | 006.6 CHE | MCSEB-740 | 12/08/2016 | 12/12/2016 | Book |
